Every Song by Led Zeppelin - Statistics

General Stats
  • This quiz has been taken 115 times
    58 since last reset
  • The average score is 32 of 84
Answer Stats
Album Song % Correct
Led Zeppelin(1969) Good Times Bad Times
86%
Led Zeppelin III(1970) Immigrant Song
84%
Led Zeppelin IV(1971) Stairway to Heaven
84%
Led Zeppelin II(1969) Whole Lotta Love
81%
Led Zeppelin IV(1971) Black Dog
79%
Physical Graffiti(1975) Kashmir
79%
Led Zeppelin(1969) Babe I'm Gonna Leave You
74%
Led Zeppelin IV(1971) Rock and Roll
70%
Led Zeppelin(1969) Communication Breakdown
65%
Led Zeppelin(1969) Dazed and Confused
65%
Led Zeppelin II(1969) Moby Dick
65%
Led Zeppelin IV(1971) Going to California
60%
Led Zeppelin II(1969) Heartbreaker
60%
Led Zeppelin II(1969) Ramble On
60%
Houses of the Holy(1973) D'yer Mak'er
58%
Physical Graffiti(1975) Houses of the Holy
58%
Led Zeppelin III(1970) Tangerine
58%
Houses of the Holy(1973) Over the Hills and Far Away
56%
Presence(1976) Achilles Last Stand
53%
Led Zeppelin IV(1971) The Battle of Evermore
53%
Led Zeppelin II(1969) The Lemon Song
53%
Led Zeppelin IV(1971) Four Sticks
49%
Led Zeppelin II(1969) Living Loving Maid (She's Just a Woman)
49%
Led Zeppelin IV(1971) Misty Mountain Hop
49%
In Through the Out Door(1979) All My Love
47%
Physical Graffiti(1975) Bron-Y-Aur
47%
Led Zeppelin III(1970) Bron-Y-Aur Stomp
47%
Houses of the Holy(1973) The Rain Song
47%
Led Zeppelin III(1970) Celebration Day
44%
Led Zeppelin III(1970) Friends
44%
Led Zeppelin(1969) Black Mountain Side
42%
In Through the Out Door(1979) Fool in the Rain
42%
Led Zeppelin III(1970) Gallows Pole
42%
Led Zeppelin III(1970) Since I've Been Loving You
42%
Houses of the Holy(1973) The Ocean
42%
Led Zeppelin II(1969) Bring it on Home
40%
Physical Graffiti(1975) In My Time of Dying
40%
Led Zeppelin II(1969) Thank You
40%
Led Zeppelin II(1969) What is and What Should Never Be
40%
Physical Graffiti(1975) Custard Pie
37%
Houses of the Holy(1973) The Song Remains the Same
37%
In Through the Out Door(1979) Hot Dog
35%
Physical Graffiti(1975) Boogie with Stu
33%
Led Zeppelin III(1970) Hats Off to (Roy) Harper
33%
Led Zeppelin III(Bonus)(1970) Hey, Hey, What Can I Do
33%
In Through the Out Door(1979) In the Evening
33%
Houses of the Holy(1973) No Quarter
33%
Presence(1976) Tea for One
33%
Houses of the Holy(1973) The Crunge
33%
Physical Graffiti(1975) The Rover
33%
Physical Graffiti(1975) Trampled Under Foot
33%
Led Zeppelin(1969) Your Time is Gonna Come
33%
Houses of the Holy(1973) Dancing Days
30%
Led Zeppelin III(1970) That's the Way
30%
Physical Graffiti(1975) Down by the Seaside
28%
Led Zeppelin(1969) How Many More Times
28%
Presence(1976) Nobody's Fault but Mine
28%
Led Zeppelin III(1970) Out on the Tiles
28%
Physical Graffiti(1975) The Wanton Song
28%
Physical Graffiti(1975) Ten Years Gone
26%
Physical Graffiti(1975) Black Country Woman
23%
In Through the Out Door(1979) Carouselambra
23%
Physical Graffiti(1975) In the Light
23%
Physical Graffiti(1975) Night Flight
23%
Presence(1976) Royal Orleans
23%
Physical Graffiti(1975) Sick Again
21%
Presence(1976) Candy Store Rock
19%
Coda(1982) Darlene
19%
Presence(1976) Hots on for Nowhere
19%
In Through the Out Door(1979) South Bound Saurez
19%
Presence(1976) For Your Life
16%
Coda(1982) Ozone Baby
16%
In Through the Out Door(1979) I'm Gonna Crawl
12%
Coda(1982) Poor Tom
12%
Coda(1982) Walter's Walk
9%
Coda(1982) Bonzo's Montreux
7%
Coda(1982) Wearing and Tearing
7%
BBC Sessions(1997) The Girl I Love She Got Long Black Wavy Hair
5%
Presence(Bonus)(1976) 10 Ribs & All/Carrot Pod Pod
2%
Led Zeppelin II(Bonus)(1969) La La
2%
Coda(Bonus)(1982) St. Tristan's Sword
2%
Led Zeppelin III(Bonus)(1970) Bathroom Sound
0%
Coda(Bonus)(1982) Sugar Mama
0%
The Complete BBC Sessions(2016) Sunshine Woman
0%
No matching quizzes found
Score Distribution
Percent of People with Each Score
Percentile by Number Answered
Your Score History
You have not taken this quiz since the last reset